St Leger Stakes Winners - Statistics

General Stats
  • This quiz has been taken 278 times
  • The average score is 75 of 244
Answer Stats
Year Jockey Winner % Correct
1997 Pat Eddery Silver Patriarch
84%
2019 Frankie Dettori Logician
74%
1996 Frankie Dettori Shantou
74%
2020 Tom Marquand Galileo Chrome
68%
2001 Michael Kinane Milan
68%
2005 Frankie Dettori Scorpion
68%
1995 Frankie Dettori Classic Cliche
63%
1984 Lester Piggott Commanche Run
63%
1977 Willie Carson Dunfermline
63%
2018 Ryan Moore Kew Gardens
63%
1970 Lester Piggott Nijinsky
63%
1987 Steve Cauthen Reference Point
63%
2004 Kerrin McEvoy Rule of Law
63%
2015 Andrea Atzeni Simple Verse
63%
1992 George Duffield User Friendly
63%
2002 Kevin Darley Bollin Eric
58%
2003 Jamie Spencer Brian Boru
58%
1975 Tony Murray Bruni
58%
1974 Joe Mercer Bustino
58%
2017 Ryan Moore Capri
58%
2016 George Baker Harbour Law
58%
1978 Edward Hide Julio Mariner
58%
2007 Jimmy Fortune Lucarno
58%
1989 Steve Cauthen Michelozzo
58%
2000 Richard Quinn Millenary
58%
1988 Willie Carson Minster Son
58%
1994 Pat Eddery Moonax
58%
1968 Lester Piggott Ribero
58%
1967 Lester Piggott Ribocco
58%
2006 Frankie Dettori Sixties Icon
58%
1990 Richard Quinn Snurge
58%
1983 Willie Carson Sun Princess
58%
1982 Paul Cook Touching Wood
58%
1991 Pat Eddery Toulon
58%
1971 Lester Piggott Athens Wood
53%
1957 T. P. Burns Ballymoss
53%
1972 Lester Piggott Boucher
53%
2008 Frankie Dettori Conduit
53%
1976 Yves Saint-Martin Crow
53%
1981 Joe Mercer Cut Above
53%
1999 Richard Hills Mutafaweq
53%
1998 John Reid Nedawi
53%
1985 Steve Cauthen Oh So Sharp
53%
1902 Frank Hardy Sceptre
53%
1941 Georges Bridgland Sun Castle
53%
1942 Gordon Richards Sun Chariot
53%
1958 Harry Carr Alcide
47%
1935 Charlie Smirke Bahram
47%
1993 Philip Robinson Bob's Return
47%
2012 Mickael Barzalona Encke
47%
2014 Andrea Atzeni Kingston Hill
47%
2013 Joseph O'Brien Leading Light
47%
1980 Joe Mercer Light Cavalry
47%
2009 Ted Durcan Mastery
47%
1955 Harry Carr Meld
47%
1986 Pat Eddery Moon Madness
47%
1954 Charlie Smirke Never Say Die
47%
1973 Frankie Durr Peleid
47%
1979 Alain Lequeux Son of Love
47%
1946 Tommy Lowrey Airborne
42%
2010 William Buick Arctic Cosmos
42%
1817 Bob Johnson Ebor
42%
1918 Joe Childs Gainsborough
42%
1933 Tommy Weston Hyperion
42%
1969 Ron Hutchinson Intermezzo
42%
1904 Willie Lane Pretty Polly
42%
1780 John Mangle Ruler
42%
1966 Frankie Durr Sodium
42%
1960 Lester Piggott St. Paddy
42%
1952 Charlie Smirke Tulyar
42%
1850 Job Marson Voltigeur
42%
1909 Danny Maher Bayardo
37%
1800 Frank Buckle Champion
37%
1917 Steve Donoghue Gay Crusader
37%
1962 Harry Carr Hethersett
37%
1916 Charlie Childs Hurry On
37%
2011 William Buick Masked Marvel
37%
1915 Steve Donoghue Pommern
37%
1963 Garnie Bougoure Ragusa
37%
1903 Danny Maher Rock Sand
37%
1925 Joe Childs Solario
37%
1910 Frank Wootton Swynford
37%
1849 Charles Marlow The Flying Dutchman
37%
1929 Michael Beary Trigo
37%
1934 Charlie Smirke Windsor Lad
37%
1961 Lester Piggott Aurelius
32%
1948 Edgar Britt Black Tarquin
32%
1864 Jim Snowden Blair Athol
32%
1842 Tommy Lye Blue Bonnet
32%
1927 Henri Jelliss Book Law
32%
1956 Freddie Palmer Cambremer
32%
1937 Gordon Richards Chulmleigh
32%
1891 George Barrett Common
32%
1900 Herbert Jones Diamond Jubilee
32%
1889 Fred Barrett Donovan
32%
1899 Morny Cannon Flying Fox
32%
1897 Charles Wood Galtee More
32%
1865 Harry Grimshaw Gladiateur
32%
1964 Jimmy Lindley Indiana
32%
1881 Fred Archer Iroquois
32%
1893 Tommy Loates Isinglass
32%
1866 Harry Custance Lord Lyon
32%
1793 Bill Peirse Ninety-three
32%
1886 Fred Archer Ormonde
32%
1896 John Watts Persimmon
32%
1953 Eph Smith Premonition
32%
1965 Joe Mercer Provoke
32%
1949 Michael Beary Ridge Wood
32%
1833 Sam Darling Rockingham
32%
1947 Edgar Britt Sayajirao
32%
1950 Rae Johnstone Scratch
32%
1860 Luke Snowden St Albans
32%
1858 Luke Snowden Sunbeam
32%
1848 Nat Flatman Surplice
32%
1828 Bill Scott The Colonel
32%
1834 George Calloway Touchstone
32%
1776 John Singleton Allabaculia
26%
1819 Tom Nicholson Antonio
26%
1936 Pat Beasley Boswell
26%
1777 John Cade Bourbon
26%
1959 Edward Hide Cantelo
26%
1905 Otto Madden Challacombe
26%
1945 Tommy Lowrey Chamossaire
26%
1926 Joe Childs Coronach
26%
1901 Kempton Cannon Doricles
26%
1943 Harry Wragg Herringbone
26%
1885 Fred Archer Melton
26%
1924 Brownie Carslake Salmon-Trout
26%
1938 Brownie Carslake Scottish Union
26%
1877 Fred Archer Silvio
26%
1895 Sam Loates Sir Visto
26%
1951 Rae Johnstone Talma
26%
1944 Gordon Richards Tehran
26%
1779 George Lowry Tommy
26%
1906 Georges Stern Troutbeck
26%
1940 Gordon Richards Turkhan
26%
1853 Frank Butler West Australian
26%
1898 Charles Wood Wildfowler
26%
1814 John Shepherd William
26%
1813 John Jackson Altisidora
21%
1790 George Searle Ambidexter
21%
1794 John Jackson Beningbrough
21%
1830 Patrick Conolly Birmingham
21%
1920 Arthur Smith Caligula
21%
1882 Fred Archer Dutch Oven
21%
1836 John Barham Day Elis
21%
1928 Tommy Weston Fairway
21%
1932 Freddie Fox Firdaussi
21%
1795 Dixon Boyce Hambletonian
21%
1871 Charlie Maidment Hannah
21%
1778 George Herring Hollandoise
21%
1782 George Searle Imperatrix
21%
1919 Brownie Carslake Keysoe
21%
1854 Robert Basham Knight of St George
21%
1840 Bill Scott Launcelot
21%
1913 Elijah Wheatley Night Hawk
21%
1783 Anthony Hall Phoenomenon
21%
1921 Joe Childs Polemarch
21%
1801 John Shepherd Quiz
21%
1922 Bobby Jones Royal Lancer
21%
1931 Harry Wragg Sandwich
21%
1888 Jack Robinson Seabreeze
21%
1781 Richard Foster Serina
21%
1930 Gordon Richards Singapore
21%
1820 Bob Johnson St Patrick
21%
1894 Morny Cannon Throstle
21%
1912 George Bellhouse Tracery
21%
1923 Tommy Weston Tranquil
21%
1788 John Mangle Young Flora
21%
1791 John Jackson Young Traveller
21%
1908 Walter Griggs Your Majesty
21%
1867 Tom Chaloner Achievement
16%
1874 John Osborne, Jr. Apology
16%
1809 Ben Smith Ashton
16%
1839 Bill Scott Charles the Twelfth
16%
1831 John Barham Day Chorister
16%
1785 George Searle Cowslip
16%
1857 Nat Flatman Imperieuse
16%
1821 Bill Scott Jack Spigot
16%
1824 Ben Smith Jerry
16%
1892 John Watts La Fleche
16%
1825 Bill Scott Memnon
16%
1890 John Watts Memoir
16%
1851 Sim Templeman Newminster
16%
1810 Bill Clift Octavian
16%
1784 John Kirton Omphale
16%
1802 John Singleton, Jr. Orville
16%
1812 Bob Johnson Otterington
16%
1786 John Mangle Paragon
16%
1807 Bill Clift Paulina
16%
1876 Jem Goater Petrarch
16%
1808 Ben Smith Petronius
16%
1911 Frank O'Neill Prince Palatine
16%
1835 Tommy Lye Queen of Trumps
16%
1803 Ben Smith Remembrancer
16%
1818 Bob Johnson Reveller
16%
1829 Bill Scott Rowton
16%
1804 Frank Buckle Sancho
16%
1855 John Wells Saucebox
16%
1846 Bill Scott Sir Tatton Sykes
16%
1811 Ben Smith Soothsayer
16%
1805 John Jackson Staveley
16%
1852 John Norman Stockwell
16%
1798 John Jackson Symmetry
16%
1792 John Mangle Tartar
16%
1845 Frank Butler The Baron
16%
1816 Ben Smith The Duchess
16%
1862 Tom Chaloner The Marquis
16%
1856 Nat Flatman Warlock
16%
1872 Charlie Maidment Wenlock
16%
1907 Bill Halsey Wool Winder
16%
1796 John Jackson Ambrosio
11%
1823 Tom Goodisson Barefoot
11%
1914 Walter Griggs Black Jester
11%
1861 Tom Chaloner Caller Ou
11%
1875 Tom Chaloner Craig Millar
11%
1844 Henry Bell Faugh-a-Ballagh
11%
1870 Jemmy Grimshaw Hawthornden
11%
1878 Fred Archer Jannette
11%
1863 John Osborne, Jr. Lord Clifden
11%
1873 Tom Osborne Marie Stuart
11%
1827 Jem Robinson Matilda
11%
1883 John Watts Ossian
11%
1869 John Wells Pero Gomez
11%
1879 Jem Goater Rayon d'Or
11%
1787 John Mangle Spadille
11%
1826 George Nelson Tarrare
11%
1822 John Jackson Theodore
11%
1799 Tom Fields Cockfighter
5%
1838 Bill Scott Don John
5%
1815 John Jackson Filho da Puta
5%
1868 Tom Chaloner Formosa
5%
1806 Tom Carr Fyldener
5%
1859 Tom Aldcroft Gamester
5%
1887 Jack Robinson Kilwarlin
5%
1797 John Shepherd Lounger
5%
1837 Sam Day, Jr. Mango
5%
1832 Jem Robinson Margrave
5%
1843 Job Marson Nutwith
5%
1789 William Wilson Pewett
5%
1880 Tom Cannon, Sr. Robert the Devil
5%
1841 Bill Scott Satirist
5%
1884 John Watts The Lambkin
5%
1847 Job Marson Van Tromp
5%
No matching quizzes found
Score Distribution
Percent of People with Each Score
Percentile by Number Answered
Your Score History
You have not taken this quiz